000 00436nam a2200169Ia 4500
008 090711s9999 xx 000 0 und d
082 _b72167
100 _aमंगेशकर गीता
245 _aअजेय
260 _c1993
300 _a357+1
600 _aमंगेशकर गीता
630 _aअजेय
700 _aमंगेशकर गीता
730 _aअजेय
942 _cBOOK
999 _c304273
_d304273